| 000 | 00996nam a22002655a 4500 | ||
|---|---|---|---|
| 003 | OSt | ||
| 005 | 20170418113246.0 | ||
| 008 | 170404s2011 ua frb 000 0 ara d | ||
| 015 | _a2011 / 19546 | ||
| 020 | _a9789777163613 | ||
| 040 |
_aEG-ScBUE _bara _cEG-ScBUE |
||
| 043 | _af-ua--- | ||
| 082 | 0 | 4 |
_a346.620668 _bم ؤ م _222 |
| 100 | 1 | _aمؤمن، طاهر شوقي. | |
| 245 | 1 | 2 |
_aالتجمع المؤقت للمشروعات / _cطاهر شوقي مؤمن. |
| 260 |
_aالقاهرة : _bدار النهضة العربية، _c2011. |
||
| 300 |
_a126 ص. ؛ _c24 سم. |
||
| 504 | _aيشتمل على إرجاعات ببليوجرافية. | ||
| 650 | 7 |
_a المشروعات الصغيرة _xإدارة. _xقوانين وتشريعات _zمصر. _2BUEsh |
|
| 650 | 7 |
_aالمشروعات _xتخطيط _zمصر. _2BUEsh |
|
| 650 | 7 |
_aالشركات التجارية _xقوانين وتشريعات _zمصر. _2BUEsh _941149 |
|
| 651 | _2BUEsh | ||
| 653 |
_bLLAAWW _cApril2017 |
||
| 942 | _2ddc | ||
| 999 |
_c24627 _d24599 |
||